Higher Chemistry Structures - Statistics

General Stats
  • This quiz has been taken 13 times
  • The average score is 4 of 8
Answer Stats
Picture Answer % Correct
Benzene Ring
90%
Primary Alcohol
70%
Secondary Alcohol
70%
Amino Acid
60%
Tertiary Alcohol
50%
Glycerol
40%
Isoprene
30%
Soap
30%
No matching quizzes found
Score Distribution
Percent of People with Each Score
Percentile by Number Answered
Your Score History
You have not taken this quiz